| 000 | 01066nam a22002657a 4500 | ||
|---|---|---|---|
| 999 |
_c11505 _d11505 |
||
| 003 | AR-CdUCM | ||
| 008 | 190404b ||||| |||| 00| 0 spa d | ||
| 020 | _a978-3-7655-1070-8 | ||
| 040 |
_aMUNICIPALIDAD PROVINCIAL DEL CUSCO _cBIBLIOTECA MUNICIPAL DEL CUSCO |
||
| 041 | _heng. | ||
| 082 |
_aES / 649.1 / _bR97 |
||
| 100 |
_aRuthe, Reinhold, _95111 |
||
| 245 |
_aEngreído : _bCastigado de por vida / |
||
| 260 |
_aCusco : _bEdit. Águila, _c2012. |
||
| 300 |
_a108 paginas ; _c21 cm. |
||
| 505 | _aContenido :Engreimiento --¿Que es engreimiento? --Las practicas del engreimiento --Las consecuencias de la década de los sesenta --Las experiencias positivas de como relacionarse que surgen en los primero tres años de vida ... | ||
| 650 |
_aCrianza de niños _911997 |
||
| 650 |
_aAspectos psicológicos _913483 |
||
| 650 |
_aNiños con problemas de conducta _928910 |
||
| 650 |
_aPadres e hijos _98978 |
||
| 650 |
_aOrientación psicológica _928911 |
||
| 700 |
_aDatwyler Hagen, Maja Ruth (traducción) _928912 |
||
| 942 |
_2ddc _cLIBROS |
||
| 945 | _arjall | ||